| 000 | 00758nam a2200265Ia 4500 | ||
|---|---|---|---|
| 003 | OSt | ||
| 005 | 20221006150941.0 | ||
| 006 | a|||||r|||| 00| 0 | ||
| 007 | ta | ||
| 008 | 221006b |||||||| |||| 00| 0 jpn d | ||
| 020 | _c¥4000 | ||
| 024 | _a20,326 | ||
| 037 |
_bGift, Japan Foundation _cTextual |
||
| 040 |
_aEASL _cEASL _bjpn |
||
| 041 |
_2jpn _ajpn |
||
| 082 | _aX8(A):9.42.N8, M6 | ||
| 100 | _aHAYASHI Takeshi | ||
| 245 | 0 |
_aGijitsu to shakai _b Nihon no keiken kokuren daigaku (Hakko) |
|
| 260 |
_aTokyo _bTokyo Daigaku Shuppan Kai Japan _c1986 |
||
| 300 |
_a276p. _ccm. |
||
| 490 | _v JL | ||
| 650 | _aJL | ||
| 942 |
_hX8(A):9.42.N8, M6 _cTEXL _2CC |
||
| 999 |
_c1088412 _d1088412 |
||